000 00763nam a2200253 a 4500
001 BRCA_4752
005 20190320204805.0
008 071010s1943----mx-a######---#000-0#spa-#
041 _aspa
044 _amx
050 4 _aND1352
_b.R65 1943
100 1 _aRomero de Terreros, Manuel
_912020
245 1 0 _aPaisajistas mexicanos del siglo XIX
_cpor Manuel Romero de Terreros.
260 _aMéxico
_bUNAM
_c1943
300 _a29 p.
_bil., 45 láminas
_c32 cm.
500 _aIncluye apéndice de las obras de arte e índice de paisajes
500 _aD93
504 _aBibliografía: p. 30
650 1 4 _aPaisajes
_xPinturas de
_zMéxico
_912021
650 1 4 _aPaisajismo
_912022
650 1 4 _aPintura
_xHistoria
_zMéxico
_912023
902 _aGFM
942 _2lcc
_cB
999 _c4450
_d4450